Macromolecules in solution /
Guardado en:
| Autor Principal: | |
|---|---|
| Formato: | Libro |
| Idioma: | English |
| Publicado: |
New York :
Wiley,
c1975.
|
| Edición: | 2d ed. |
| Series: | High polymers ;
v. 21. |
| Materias: | |
| Etiquetas: |
Agregar Etiqueta
Sin Etiquetas, Sea el primero en etiquetar este registro!
|
| LEADER | 00929cam a22002655a 4500 | ||
|---|---|---|---|
| 001 | EIQ.libpla000910 | ||
| 008 | 741105s1975####nyua#####b####001#0#eng#d | ||
| 005 | 20060615194241.0 | ||
| 245 | 1 | 0 | |a Macromolecules in solution / |c Herbert Morawetz. |
| 250 | |a 2d ed. | ||
| 260 | |a New York : |b Wiley, |c c1975. | ||
| 300 | |a xvii, 549 p., [2] h. láms. : |b il. ; |c 23 cm. | ||
| 490 | 1 | |a High polymers : a series of monographs on the chemistry, physics, and technology of high polymeric substances ; |v v. 21 | |
| 500 | |a "A Wiley-Interscience publication." | ||
| 504 | |a Bibliografía: p. 489-535. | ||
| 500 | |a Incluye índice. | ||
| 020 | |a 0471393215 | ||
| 100 | 1 | |a Morawetz, Herbert. | |
| 830 | 0 | |a High polymers ; |v v. 21. | |
| 082 | 0 | 0 | |a 547.7 |2 19 |
| 650 | 4 | |a Química |x Macromoléculas. | |
| 650 | 4 | |a Chemistry |x Macromolecules. | |
| 010 | |a 74026655 | ||
| 040 | |a DLC |c DLC |d AR-BbSID | ||
| 859 | |a AR-BbSID |b BIB. PLAPIQUI |h 547.122 |i M 54 |p 601 | ||
